| 000 -LEADER |
| fixed length control field |
00783nam a22002777a 4500 |
| 005 - DATE AND TIME OF LATEST TRANSACTION |
| control field |
20260324095930.0 |
| 008 - FIXED-LENGTH DATA ELEMENTS--GENERAL INFORMATION |
| fixed length control field |
230621b ||||| |||| 00| 0 eng d |
| 020 ## - INTERNATIONAL STANDARD BOOK NUMBER |
| International Standard Book Number |
978-1-260-57571-2 |
| 040 ## - CATALOGING SOURCE |
| Transcribing agency |
NMSCST |
| 082 ## - DEWEY DECIMAL CLASSIFICATION NUMBER |
| Classification number |
658.5 |
| Item number |
S847 2021 |
| 100 ## - MAIN ENTRY--PERSONAL NAME |
| Personal name |
Stevenson, William J. |
| 245 ## - TITLE STATEMENT |
| Title |
Operations management / |
| Statement of responsibility, etc. |
William J. Stevenson. |
| 250 ## - EDITION STATEMENT |
| Edition statement |
Fourteenth edition. |
| 260 ## - PUBLICATION, DISTRIBUTION, ETC. |
| Place of publication, distribution, etc. |
New York, NY : |
| Name of publisher, distributor, etc. |
McGraw-Hill Education, |
| Date of publication, distribution, etc. |
c2021 |
| 264 #1 - PRODUCTION, PUBLICATION, DISTRIBUTION, MANUFACTURE, AND COPYRIGHT NOTICE |
| Materials specified |
1 |
| 300 ## - PHYSICAL DESCRIPTION |
| Extent |
xxviii, 899 pages. : |
| Other physical details |
color, illustrations. |
| 337 ## - MEDIA TYPE |
| Source |
1 |
| 338 ## - CARRIER TYPE |
| Source |
1 |
| 500 ## - GENERAL NOTE |
| General note |
Includes bibliographical references and index. |
| 526 ## - STUDY PROGRAM INFORMATION NOTE |
| Classification |
000-099 General References or Works |
| 650 ## - SUBJECT ADDED ENTRY--TOPICAL TERM |
| Topical term or geographic name entry element |
Production management. |
|
| Topical term or geographic name entry element |
Industrial management. |
|
| Topical term or geographic name entry element |
System analysis. |
| 655 ## - INDEX TERM--GENRE/FORM |
| Source of term |
1 |
| 942 ## - ADDED ENTRY ELEMENTS |
| Source of classification or shelving scheme |
|
| Item type |
CIRCULATION BOOK |
| Koha issues (borrowed), all copies |
3 |